|
|
|
|
| LEADER |
01402nam a2200385 a 4500 |
| 001 |
EBC459888 |
| 003 |
MiAaPQ |
| 005 |
20200520144314.0 |
| 006 |
m o d | |
| 007 |
cr cn||||||||| |
| 008 |
120418s2007 dcu s i000 0 eng |
| 016 |
7 |
|
|z 013790339
|2 Uk
|
| 020 |
|
|
|z 9780821369708
|
| 020 |
|
|
|z 0821369709
|
| 035 |
|
|
|a (MiAaPQ)EBC459888
|
| 035 |
|
|
|a (Au-PeEL)EBL459888
|
| 035 |
|
|
|a (CaPaEBR)ebr10180749
|
| 035 |
|
|
|a (CaONFJC)MIL94023
|
| 035 |
|
|
|a (OCoLC)821700946
|
| 040 |
|
|
|a MiAaPQ
|c MiAaPQ
|d MiAaPQ
|
| 043 |
|
|
|a d------
|
| 050 |
|
4 |
|a HJ8899
|b .L58 2007
|
| 245 |
0 |
4 |
|a The little data book on external debt.
|n 2007
|h [electronic resource].
|
| 246 |
3 |
|
|a Little data book on external debt.
|n 07
|
| 260 |
|
|
|a Washington, D.C. :
|b World Bank,
|c c2007.
|
| 300 |
|
|
|a vi, 152 p.
|
| 533 |
|
|
|a Electronic reproduction. Ann Arbor, MI : ProQuest, 2015. Available via World Wide Web. Access may be limited to ProQuest affiliated libraries.
|
| 650 |
|
0 |
|a Debts, External
|v Statistics.
|
| 650 |
|
0 |
|a Debts, External
|z Developing countries
|y 20th century
|v Statistics.
|
| 650 |
|
0 |
|a Developing countriesl
|z Economic conditions
|y 20th century
|v Statistics.
|
| 655 |
|
4 |
|a Electronic books.
|
| 710 |
2 |
|
|a World Bank.
|
| 710 |
2 |
|
|a ProQuest (Firm)
|
| 730 |
0 |
|
|a Global development finance.
|
| 856 |
4 |
0 |
|u https://ebookcentral.proquest.com/lib/matrademy/detail.action?docID=459888
|z Click to View
|